Sports Quiz

Random Sports or MLB Quiz

Wins Against All 30 MLB Teams Quiz Stats

Quiz Updated Feb 26, 2018

Challenge
Share
Tweet
Embed
Score 0/18 Timer 05:00
2 Plays Today
Years Pitcher % Correct
1988-2009Randy Johnson
95.9%
1988-2007Curt Schilling
55.7%
1997-2017*Bartolo Colón
55%
1986-2012Jamie Moyer
38.4%
2000-2013Barry Zito
25.9%
1999-2015Tim Hudson
25.3%
2008-2016*Max Scherzer
22.2%
1986-2005Kevin Brown
20.5%
2002-2016*John Lackey
15.8%
Years Pitcher % Correct
1999-2015A.J. Burnett
12.7%
1987-2005Al Leiter
10.1%
1993-2007Woody Williams
9.9%
1997-2013Derek Lowe
9.7%
2003-2015Dan Haren
8.2%
1998-2011Javier Vazquez
7.7%
2001-2015Kyle Lohse
3.7%
1986-2006Terry Mulholland
2.7%
1999-2012Vicente Padilla
2.4%

You're not logged in!

Compare scores with friends on all Sporcle quizzes.
Join for Free
OR
Log In

You Might Also Like...

Show Comments

Extras

Top Quizzes Today


Score Distribution

Your Account Isn't Verified!

In order to create a playlist on Sporcle, you need to verify the email address you used during registration. Go to your Sporcle Settings to finish the process.

Report this User

Report this user for behavior that violates our Community Guidelines.

Details: